| 000 | 01085nam a2200313 i 4500 | ||
|---|---|---|---|
| 001 | bg | ||
| 003 | BPK | ||
| 005 | 20201023142259.0 | ||
| 008 | 990302s1999 pl e |000 0 pol | ||
| 015 | _aPB 1999/2306 | ||
| 020 | _a8372002002 | ||
| 040 |
_aWA N _cBPK |
||
| 041 | 1 |
_apol _heng |
|
| 080 | _a008(1-15)"1945/..." | ||
| 080 | _a(03) | ||
| 100 | 1 |
_aThorne, Tony _d(1950- ). |
|
| 245 | 1 | 0 |
_aMody, kulty, fascynacje : _bsłownik pojęć kultury postmodernistycznej / _cTony Thorne ; przeł. Zbigniew Batko. |
| 246 | 1 |
_iTyt. oryg.: _aFads, fashions & cults, _f1993. |
|
| 250 | _aWyd. 2. | ||
| 260 |
_aWarszawa : _b"Muza", _c1999. |
||
| 300 |
_a414, [2] s. ; _c22 cm. |
||
| 500 | _aWyd. 1 ogł. pt. : Słownik pojęć kultury postmodernistycznej : mody, kulty, fascynacje. | ||
| 655 | 4 | _aEncyklopedia | |
| 650 | 4 | _aPostmodernizm | |
| 700 | 1 |
_aBatko, Zbigniew _d(1940-2007). _eTł. |
|
| 710 | 2 |
_aMuza _4pbl. |
|
| 856 |
_uhttp://koha.tu.koszalin.pl/cgi-bin/koha/opac-detail.pl?biblionumber=36901 _yKatalog online BPK |
||
| 942 |
_2UKD _cKS |
||
| 999 |
_c36901 _d36901 |
||